1239 1472 1132 1936 1261 1806 1068 1919 1577 1710 1063 1119 1458 1207 1425 1534 1246 1483 1005 1582 1566 1053 1399 1834 1968 1557 1224 1059 1354 1944 1111 1444 1484 1737 1346 1755 1706 1546 1781 1080 1924 1781 1314 1829 1106 1448 1249 1575 1819 1223 1630 1076 1787 1440 1001 1316 1158 1072 1936 1142 1674 1259 1483 1658 1145 1466 1859 1110 1164 1213 1070 1091 1626 1702 1065 1603 1435 1663 1697 1219 1201 1618 1228 1706 1278 1559 1449 1577 1814 1636 1124 1619 1101 1477 1603 1641 1382 1866 1987 BCNSPRNW ULIB Ver.6.0+V

เปลี่ยนเป็นภาษาไทย

Change to English
 แสดงรายละเอียดบรรณานุกรม
  กลับหน้าหลัก

Brief Record : Get Marc (ISO 2709) : E-mail record : QR code < ปิดหน้าต่าง
LEADER : 00000nam 2200000uu 4500
001    13399127096
003     ULIB
008    191010s2559||||th 000 0 tha d
020    ^a9786162277528
060    ^aWS103^bต-ต
100    ^aตุ๊บป่อง
245    ^aตาอินกะตานา
250    ^aพิมพ์ครั้งที่ 1
260    ^aกรุงเทพฯ :^bบริษัท แปลน ฟอร์ คิดส์ จำกัด,^c2559
300    ^a24 หน้า;^b21 ซม.
650    ^aเด็ก^xการเรียนการสอน
945    ^p115^l0^i006284
999    ^aประนอม เกษจรัล
รายการนี้ยังไม่มีแท็ก
คุณยังไม่ได้ล็อกอิน คุณสามารถมีกิจกรรมร่วมกับเว็บไซต์ได้ แต่ต้องล็อกอินก่อน ::
  ล็อกอิน

รายการสื่อสารสนเทศ

ลำดับที่ ประเภท เลขเรียก/บาร์โค้ด สถานที่ สถานะ
1. วิทยาศาสตร์การแพทย์ และสุขภาพ
วิทยาศาสตร์การแพทย์ และสุขภาพ
WS103 ต-ต ฉ.1 
  Barcode: 006284
ห้องสมุดวิทยาเขตสวรรค์ประชารักษ์
►หนังสือทั่วไป
บนชั้น

รายการใกล้เคียง
    ผู้แต่ง [ตุ๊บป่อง]

BibComment


ยังไม่เคยถูกคอมเมนท์

คอมเมนท์ทรัพยากรรายการนี้
  คอมเมนท์: ตาอินกะตานา


 Copyright 2026. Bcnsprnw @Library